000 00308nam a22001337a 4500
008 170615b xxu||||| |||| 00| 0 eng d
020 _a110000301438
041 _aeng
080 _23RD
_a32
100 _a20
101 _aSHP
245 _aDIMENSIONS OF SOCIAL WELFARE POLICY
_cGILBERT, N
942 _2udc
_cBK
999 _c17654
_d17654